000 00493nam a2200157 i 4500
001 24158
003 ES-MaACL
007 t|
008 021216s1956 sp ||||1| spa d
100 1 _aAndreoli, M.
_921565
245 1 3 _aLa cesión del contrato /
_cM. Andreoli ; traducida por Francisco Javier Osset.
260 _aMadrid :
_bEditorial Revista de Derecho Privado,
_c[1956]
300 _a192 p. ;
_c23 cm.
700 1 _aOsset, Francisco Javier.
_987784
852 _aES-MaACL
_jC-9883
_bR.38421
999 _c24158
_d24158